Handling ships in ice: a practical guide to handling class 1A and 1AS ships (Record no. 2689)

000 -LEADER
fixed length control field 02380nam a2200193Ia 4500
008 - FIXED-LENGTH DATA ELEMENTS--GENERAL INFORMATION
fixed length control field 200103s 2007 ||||xx |||||||||||||| ||und||
020 ## - INTERNATIONAL STANDARD BOOK NUMBER
International Standard Book Number 1870077849
082 ## - DEWEY DECIMAL CLASSIFICATION NUMBER
Classification number 623.89
Item number BUY
100 ## - MAIN ENTRY--PERSONAL NAME
Personal name Buysse, Johan
245 #0 - TITLE STATEMENT
Title Handling ships in ice: a practical guide to handling class 1A and 1AS ships
260 ## - PUBLICATION, DISTRIBUTION, ETC. (IMPRINT)
Name of publisher, distributor, etc The Nautical Institute
Date of publication, distribution, etc 2007
Place of publication, distribution, etc London
300 ## - PHYSICAL DESCRIPTION
Extent viii, 166 p.: col. ill.
504 ## - BIBLIOGRAPHY, ETC. NOTE
Bibliography, etc Voyage preparation<br/>In ice at sea<br/>Navigation by fairways and under pilotage<br/>Ice-breaker assistance<br/>Berthing and (un)mooring.<br/><br/>
520 ## - SUMMARY, ETC.
Summary, etc Handling Ships In Ice, 2007 Edition This practical guide explains what is involved when navigating in high latitudes in winter. To be able to operate consistently it is necessary to have an understanding of: ice formation; ship strength and ice class; passage planning; navigating alone; navigating in convoy; maneuvering in ice; ice breaker operations; hazards and precautions. The book then is divided logically into chapters to assist the reader in preparing for a voyage where the charter lists an ice bound port. The first chapter covers voyage preparations and includes valuable check lists to equip the ship for 'winterization'. The second chapter covers 'ice at sea and is well illustrated with examples of different ice conditions and what to look for visually and on radar by day and night. The chapter explains why it is important to avoid getting beset in ice and the techniques which can be applied to break free. The next chapter covers ice breaker assistance and examines ways of assigning priorities; the signals used; breakout techniques; escort work; following ice breakers; towing; overcoming hazards; operating in convoys; speed control and engine performance. The final chapter covers berthing and unberthing and explains the hazardous effects of ice which can become trapped between the ship and the quay. The text is fully illustrated with line diagrams and color photographs which are well chosen for their relevance and usefulness. The book is supported by comprehensive annexes which cover government warnings and advisory notices; meteorological data; types of ice; ice class and certification; ice breakers' specifications; bollard pull and towing calculations; and ice breaker dues.
650 ## - SUBJECT ADDED ENTRY--TOPICAL TERM
Topical term or geographic name as entry element Seamanship
650 ## - SUBJECT ADDED ENTRY--TOPICAL TERM
Topical term or geographic name as entry element Cold weather conditions
650 ## - SUBJECT ADDED ENTRY--TOPICAL TERM
Topical term or geographic name as entry element Ice navigation
942 ## - ADDED ENTRY ELEMENTS (KOHA)
Item type Books
Holdings
Withdrawn status Lost status Source of classification or shelving scheme Damaged status Not for loan Collection code Permanent location Current location Shelving location Date acquired Full call number Barcode Date last seen Koha item type Public note
          Non-fiction IMU-MPC Library IMU-MPC Library General Stacks 2020-01-08 623.89 BUY LBS13722 2025-03-17 Books Column - 1
Copyright © 2021 Indian Maritime University, Mumbai Port Campus. All Rights Reserved. Managed & Maintained by Central Library, IMU-Mumbai

webs counters

Powered by Koha